000 00310nam a22001337a 4500
020 _a978-81-8360-140-5
041 _aENG
100 _aSharma.S.K
245 _aObjective Food Science
260 _aNew Delhi
_bJain Brothers
_c2006
300 _a658
650 _aCompetitive Exam
856 _uCompetitive Exam
999 _c2518
_d2518